| 000 | 00535nam a2200205Ia 4500 | ||
|---|---|---|---|
| 003 | OSt | ||
| 005 | 20230602115523.0 | ||
| 008 | 210423s1980 xx 000 0 und d | ||
| 040 | _cAL | ||
| 041 | _aeng | ||
| 082 |
_a338.954 _223 _bPUTE |
||
| 100 |
_aPUTTASWAMAIAH (K) _9118906 |
||
| 245 | _aEconomic development of karnataka | ||
| 260 |
_aNew Delhi _bOxford & IBH _c1980 |
||
| 365 | _cINR | ||
| 650 |
_aEconomics _9118907 |
||
| 650 |
_aIndian Economy _9118908 |
||
| 906 | _adevelopment ; Economic ; karnataka | ||
| 942 |
_2ddc _cBK |
||
| 999 |
_c174788 _d174788 |
||